The Oldest Public Housing Estates in Hong Kong 香港最長歷史的公共屋邨 - Statistics

General Stats
  • This quiz has been taken 65 times
  • The average score is 18 of 50
Answer Stats
District Location Year of Occupation Answer % Correct
Wong Tai Sin 黃大仙區 Ngau Chi Wan 牛池灣 1962 Choi Hung Estate 彩虹邨
73%
Kowloon City 九龍城區 Ma Tau Wai 馬頭圍 1962 Ma Tau Wai Estate 馬頭圍邨
68%
Southern 南區 Waterfall Bay 瀑布灣 1967 Wah Fu (I) Estate 華富(一)邨
68%
Southern 南區 Waterfall Bay 瀑布灣 1970 Wah Fu (II) Estate 華富(二)邨
68%
Eastern 東區 North Point 北角 1965 Healthy Village 健康村
57%
Central & Western 中西區 Kennedy Town 堅尼地城 1958 Sai Wan Estate 西環邨
57%
Wanchai 灣仔區 Tai Hang 大坑 1975 Lai Tak Tsuen 勵德邨
54%
Eastern 東區 North Point 北角 1954 Model Housing Estate 模範邨
54%
Tsuen Wan 荃灣區 Lei Muk Shue 梨木樹 1975 Lei Muk Shue (II) Estate 梨木樹(二)邨
51%
Sham Shui Po 深水埗區 Shek Kip Mei 石硤尾 1976 Shek Kip Mei Estate 石硤尾邨
51%
Wong Tai Sin 黃大仙區 Ngau Chi Wan 牛池灣 1979 Choi Wan (I) Estate 彩雲(一)邨
49%
Wong Tai Sin 黃大仙區 Ngau Chi Wan 牛池灣 1978 Choi Wan (II) Estate 彩雲(二)邨
49%
Kowloon City 九龍城區 Ho Man Tin 何文田 1974 Oi Man Estate 愛民邨
49%
Kwun Tong 觀塘區 Sze Shun 四順 1978 Shun Lee Estate 順利邨
49%
Kwai Tsing 葵青區 Lai King 荔景 1975 Lai King Estate 荔景邨
46%
Tsuen Wan 荃灣區 Tsuen Wan 荃灣 1963 Fuk Loi Estate 福來邨
43%
Kwai Tsing 葵青區 Kwai Shing Circuit 葵盛圍 1975 Kwai Shing West Estate 葵盛西邨
43%
Tsuen Wan 荃灣區 Shek Wai Kok 石圍角 1980 Shek Wai Kok Estate 石圍角邨
43%
Tsuen Wan 荃灣區 Cheung Pei Shan 象鼻山 1978 Cheung Shan Estate 象山邨
41%
Kwai Tsing 葵青區 Lai King 荔景 1976 Cho Yiu Chuen 祖堯邨
41%
Eastern 東區 Shau Kei Wan 筲箕灣 1962 Ming Wah Dai Ha 明華大廈
41%
Tuen Mun 屯門區 Sam Shing Hui 三聖墟 1980 Sam Shing Estate 三聖邨
41%
Eastern 東區 Chai Wan 柴灣 1977 Yue Wan Estate 漁灣邨
41%
Sha Tin 沙田區 Sha Tin 沙田 1975 Lek Yuen Estate 瀝源邨
38%
Central & Western 中西區 Kennedy Town 堅尼地城 1967 Kwun Lung Lau 觀龍樓
32%
Kwun Tong 觀塘區 Ngau Chi Wan 牛池灣 1970 Ping Shek Estate 坪石邨
32%
Kwun Tong 觀塘區 Sze Shun 四順 1978 Shun On Estate 順安邨
32%
Sha Tin 沙田區 Sha Tin 沙田 1977 Wo Che Estate 禾輋邨
32%
Eastern 東區 Chai Wan 柴灣 1976 Hing Wah (II) Estate 興華(二)邨
30%
Southern 南區 Ap Lei Chau 鴨脷洲 1980 Ap Lei Chau Estate 鴨脷洲邨
27%
Kowloon City 九龍城區 To Kwa Wan 土瓜灣 1970 Lok Man Sun Chuen 樂民新村
27%
Eastern 東區 Chai Wan 柴灣 1979 Wan Tsui Estate 環翠邨
27%
Kwai Tsing 葵青區 Tsing Yi 青衣 1977 Cheung Ching Estate 長青邨
24%
Wong Tai Sin 黃大仙區 Hammer Hill 斧山 1978 Fu Shan Estate 富山邨
24%
Sham Shui Po 深水埗區 Shek Kip Mei 石硤尾 1977 Nam Shan Estate 南山邨
24%
Tuen Mun 屯門區 Tuen Mun 屯門 1977 Tai Hing Estate 大興邨
24%
Kwai Tsing 葵青區 Tai Wo Hau 大窩口 1979 Tai Wo Hau Estate 大窩口邨
24%
Southern 南區 Shek Pai Wan 石排灣 1962 Yue Kwong Chuen 漁光邨
24%
Kowloon City 九龍城區 Ma Tau Wai 馬頭圍 1965 Chun Seen Mei Chuen 真善美村
22%
Kwun Tong 觀塘區 Ngau Tau Kok 牛頭角 1965 Kwun Tong Garden Estate 觀塘花園大廈
22%
Kwai Tsing 葵青區 Lai King 荔景 1976 Lai Yiu Estate 麗瑤邨
22%
Tsuen Wan 荃灣區 Tsuen Wan 荃灣 1964 Moon Lok Dai Ha 滿樂大廈
22%
Kwun Tong 觀塘區 Kwun Tong 觀塘 1962 Wo Lok Estate 和樂邨
22%
Tuen Mun 屯門區 Tuen Mun 屯門 1980 Yau Oi Estate 友愛邨
22%
Kwai Tsing 葵青區 Tsing Yi 青衣 1979 Cheung Hong Estate 長康邨
19%
Tuen Mun 屯門區 Tuen Mun 屯門 1980 On Ting Estate 安定邨
19%
Tai Po 大埔區 Tai Po Central 大埔中心 1980 Tai Yuen Estate 大元邨
16%
Sha Tin 沙田區 Sha Tin Wai 沙田圍 1980 Sha Kok Estate 沙角邨
14%
Islands 離島區 Tai O 大澳 1980 Lung Tin Estate 龍田邨
8%
Wong Tai Sin 黃大仙區 Pak Hok Shan 白鶴山 1974 Mei Tung Estate 美東邨
5%
No matching quizzes found
Score Distribution
Percent of People with Each Score
Percentile by Number Answered
Your Score History
You have not taken this quiz